000 00311nam a2200133Ia 4500
005 20251222151259.0
008 251222s9999||||xx |||||||||||||| ||spa||
082 _a571.878/B24
100 _aBaras, Victoria
245 0 _aAntiaging Natural:
250 _a3a. ed.
264 _bRBA, Libros, S.A.
942 _cLIB
999 _c22908
_d22908